000 00313nam a22001217a 4500
999 _c155356
_d155356
082 _a
_b
100 _aSanjay L Madar
245 _aAntim dasak ki kahaniyom meim chinthith vibhinnya pariyesh/
_cby Sanjay L Madar.
260 _aKanpur:
_bAbhay Prakashan,
_c2012.
300 _a232p.
650 _a
942 _cBK